| 000 | 00893nam a2200253 a 4500 | ||
|---|---|---|---|
| 003 | OSt | ||
| 005 | 20131022132730.0 | ||
| 008 | 131022s1998 sz ||||| |||| 00| 0 spa d | ||
| 020 | _a92-4-320881-0 | ||
| 040 | _cBiblioteca Medicina | ||
| 041 | _aspa | ||
| 082 | _bOMS IT 881 | ||
| 110 |
_aOrganizacion Mundial de la Salud _91006 |
||
| 245 | 0 | 0 |
_aControl y vigilancia de la tripanosomiasis africana. _bInforme de un Comite de Expertos de la OMS |
| 250 | _a1ยบ ed. | ||
| 260 |
_aGinebra _bOrganizacion Mundial de la Salud _c1998 |
||
| 300 | _a121 p. | ||
| 440 | 0 | 0 |
_aInformes Tecnicos _n881 _92767 |
| 653 | _aTRIPANOSOMIASIS AFRICANA-PREVENCION Y CONTROL | ||
| 653 | _aTRIPANOSOMIASIS AFRICANA-EPIDEMIOLOGIA | ||
| 653 | _aVIGILIANCIA EPIDEMIOLOGICA-METODOS | ||
| 942 |
_2ddc _cPH |
||
| 999 |
_c1848 _d1848 |
||
| 952 |
_pH0099 _40 _00 _bBFM _10 _oOMS IT 881 _d2013-10-22 _tEj. 1 _8NFIC _70 _cCR _2ddc _yPH _aBFM |
||